Systémový přístup k evropské integraci

Systémový prístup spája hľadiská ekonomické, politické, historické a ekologické. Do popredia záujmu sa dostávajú otázky demokracie, liberalizmu a nacionalizmu. Konkrétne scenáre európskej integrácie do roku 2010. Globalizačné ideológie presadzujúce predstavu neobmedzenej expanzie a podceňujúce kolek...

Descrizione completa

Salvato in:
Dettagli Bibliografici
Autore principale: Vítek, Miloš
Natura: Capitolo di libro
Lingua:ceco
Soggetti:
Tags: Aggiungi Tag
Nessun Tag, puoi essere il primo ad aggiungerne!!

MARC

LEADER 00000naa$a2200000$$$4500
001 0003308
005 20231004104317.7
041 0 |a cze 
044 |a CZ 
245 1 0 |a Systémový přístup k evropské integraci  |c aut. Miloš Vítek 
520 |a Systémový prístup spája hľadiská ekonomické, politické, historické a ekologické. Do popredia záujmu sa dostávajú otázky demokracie, liberalizmu a nacionalizmu. Konkrétne scenáre európskej integrácie do roku 2010. Globalizačné ideológie presadzujúce predstavu neobmedzenej expanzie a podceňujúce kolektívnu identitu. Príspevok naznačuje možné smery rozširovania štúdií ekonómie a manažmentu v zmysle systémového prístupu. 
610 2 0 |a integrácia ekonomická medzinárodná 
610 2 0 |a Európska únia 
610 2 0 |a inžinierstvo systémové 
610 2 0 |a liberalizmus 
610 2 0 |a demokracia 
610 2 0 |a nacionalizmus 
610 2 0 |a prognózy 
610 2 0 |a scenáre 
100 1 |a Vítek, Miloš